Regional geology of Zhejiang Province /

Saved in:
Bibliographic Details
Corporate Author: Zhejiang Sheng (China). Di zhi kuang chan ju.
Format: Book
Language:English
Published: Beijing : Geological Publishing House, [1989]
Series:Geological memoirs. no. 11
Subjects:
Tags: Add Tag
No Tags, Be the first to tag this record!
LEADER 01436cam a2200313 a 4500
001 MIU01-008564455
003 MiU
005 20100903101117.0
008 100902s1989 cc bd r 000 0 eng
020 |a 7116000054 
020 |a 9787116000056 
035 |a (OCoLC)660164916 
035 |a (OCoLC)ocn660164916 
038 |a MiU 
040 |a EYM  |c EYM  |d EYM 
041 0 |a eng 
043 |a a-cc-ch 
049 |a EYMv 
050 0 0 |a QE294  |b .C473 1989 
245 0 0 |a Regional geology of Zhejiang Province /  |c bureau of geology and mineral resources of Zhejiang Province. 
260 |a Beijing :  |b Geological Publishing House,  |c [1989] 
300 |a 80 p. :  |b charts ;  |c 28 cm. +  |e 9 maps 
440 0 |a Geological memoirs.  |n series 1 ;  |v no. 11 
500 |a Photocopy of "brief text," pp. 609-688 from Zhejiang Sheng qu yu di zhi zhi. 
500 |a Maps col. photocopies, reduced 49%. 
588 |a This bibliographic record is available under the Creative Commons CC0 public domain dedication. The University of Michigan Libraries, as creator of this bibliographic record, has waived all rights to it worldwide under copyright law, including all related and neighboring rights, to the extent allowed by law. 
650 0 |a Geology  |z China  |z Zhejiang Sheng  |v Maps. 
710 1 |6 880-01  |a Zhejiang Sheng (China).  |b Di zhi kuang chan ju.  |t Zhejiang Sheng qu yu di zhi zhi. 
880 1 |6 710-01/  |a 浙江省 (China).  |b 地质矿产局.  |t 浙江省区域地质志 .